Generonyms Quiz Stats

 Plays Quiz Updated Jun 18, 2018

Score 0/26 Timer 06:00
0 Plays Today
Description Generonym % Correct
Online searchGoogle
96.9%
Flying toy discFrisbee
95.2%
Gelatin dessertJell-O
93.7%
Adhesive medical bandageBand-Aid
92.8%
Facial tissueKleenex
91.6%
Canned prepared meatSPAM
89.2%
Toaster pastryPop-Tart
86.8%
Correction fluidWite-Out or Tipp-Ex
86.5%
Re-sealable plastic bagZiploc
86.4%
Image editing softwarePhotoshop
85.6%
Multi-function pocket knifeSwiss Army or Stanley Knife
85.2%
Hygenic cotton swabQ-Tip
84.5%
PhotocopyXerox
84.1%
Description Generonym % Correct
Lip BalmChapStick
82.1%
Pain relief medicationAspirin
81.1%
Plastic food storage containerTupperware
80.1%
Sugar based fruit drink mixKool-Aid
78.7%
Inline skatesRollerblades
78.6%
Instant photoPolaroid
75.3%
Petroleum jellyVaseline
73.1%
Clear, plastic adhesiveScotch Tape or Sellotape
72.4%
Whirlpool bathJacuzzi
70.5%
Slow cookerCrock Pot
66.7%
Refillable cigarette LighterZippo
65%
'Hook and loop' or 'touch' fastenerVelcro
56.9%
Non-stick pan coatingTeflon
55.9%

You're not logged in!

Compare scores with friends on all Sporcle quizzes.
OR
Log In

Sporcle TV

Today on Sporcle TV


Watch our educational content, quiz creation guides, and fun videos on Sporcle TV.

Show Comments

Extras

Top Quizzes Today


Score Distribution

Your Account Isn't Verified!

In order to create a playlist on Sporcle, you need to verify the email address you used during registration. Go to your Sporcle Settings to finish the process.

Report this User

Report this user for behavior that violates our Community Guidelines.

Details: